Sciences & avenir : La planete sans ressources

में बचाया:
ग्रंथसूची विवरण
स्वरूप: पुस्तक
भाषा:Undetermined
प्रकाशित: Paris Simone Sicsic 1974
विषय:
टैग : टैग जोड़ें
कोई टैग नहीं, इस रिकॉर्ड को टैग करने वाले पहले व्यक्ति बनें!
Thư viện lưu trữ: Trung tâm Học liệu Trường Đại học Cần Thơ
LEADER 00413nam a2200157Ia 4500
001 CTU_78633
008 210402s9999 xx 000 0 und d
082 |a 508 
082 |b S416 
245 0 |a Sciences & avenir : 
245 0 |b La planete sans ressources 
260 |a Paris 
260 |b Simone Sicsic 
260 |c 1974 
650 |a Science periodicals 
980 |a Trung tâm Học liệu Trường Đại học Cần Thơ